| 000 | 00473nam a2200181Ia 4500 | ||
|---|---|---|---|
| 005 | 20250423100412.0 | ||
| 008 | 250422s9999 xx 000 0 und d | ||
| 020 | _a0- 321- 17348- 1 | ||
| 050 | _aT 385 .O63/ | ||
| 100 | _aDave Shreiner | ||
| 245 | 0 | _aOpenGL programming guide: the official guide to learning OpenGL, version 1.4 | |
| 250 | _a4th ed. | ||
| 260 | _bAddison Wesley | ||
| 260 | _c2004 | ||
| 300 | _a759 p | ||
| 650 | _aComputer graphics | ||
| 942 | _cBK | ||
| 999 |
_c33194 _d33194 |
||